Mountains of Asia - Sudden Death - Statistics

General Stats
  • This quiz has been taken 22 times
  • The average score is 5 of 16
Answers on the Grid
Answers color-coded by a green-red scale on the quiz's grid according to % correct below.
Tahat
Ararat
Kerling
Musala
Kailash
Toubkal
Pinatubo
Koryaksky
Semeru
Shinn
Cho Oyu
Huandoy
Oupay
Aoraki
Homa
Damavand
Tavan Bogd
Kamet
Fansipan
Kita
Hajla
Lefka Ori
Adam's Peak
Bona
Hermon
Doi Inthanon
Annapurna
Galeras
Arbel
Alcazaba
 
Answer Stats
Answer % Correct
Ararat
75%
Cho Oyu
63%
Annapurna
50%
Kailash
50%
Kamet
50%
Damavand
38%
Adam's Peak
25%
Koryaksky
25%
Pinatubo
25%
Doi Inthanon
13%
Fansipan
13%
Kita
13%
Semeru
13%
Arbel
0%
Hermon
0%
Tavan Bogd
0%
No matching quizzes found
Score Distribution
Percent of People with Each Score
Percentile by Number Answered
Your Score History
You have not taken this quiz